000 01242cam a2200361 a 4500
003 OSt
005 20140311163201.0
008 960710s1997 nyua b 000 1 eng
010 _a 96032791
020 _a0590137549
020 _a0590956167 (pbk.)
040 _aDLC
_cDLC
_dDLC
042 _alcac
050 0 0 _aPZ 7
_b.C8185Me 2004
100 1 _aCosby, Bill,
_d1937-
_927978
245 1 4 _aThe meanest thing to say /
_cBill Cosby ; illustrated by Varnette P. Honeywood.
260 _aNew York :
_bScholastic Inc.,
_c2004.
300 _bcol. ill. ;
_c24 cm.
440 0 _aHello reader
_927979
490 1 _aLittle Bill books for beginning readers
521 _aG2
526 _c350
650 1 _aBehavior
_xFiction.
_927980
650 1 _aSchools
_xFiction.
_927981
700 1 _aHoneywood, Varnette P.,
_eill.
_927982
800 1 _aCosby, Bill,
_d1937-
_tLittle Bill books for beginning readers.
_927983
856 4 2 _3Publisher description
_uhttp://www.loc.gov/catdir/description/schol051/96032791.html
906 _a7
_bcbc
_corignew
_d1
_eocip
_f19
_gy-gencatlg
942 _2lcc
_cBK
999 _c42499
_d42499